000 00454nam a2200181Ia 4500
001 8422
005 20260306160608.0
008 260306t2007||||xx |||||||||||||| ||spa||
041 _aESP
082 _a370.985
_bC97
100 _aCutipa Ñaupa, Efrain
_eAUT
245 0 _aSistema de remuneraciones y bonificaciones en educación
260 _c2007
300 _a109 páginas :
_c21 cm.
650 _aGEN
654 _aCED
942 _cLIB
_dJUS
_fJUS
_2ddc
_n
999 _c8422
_d8422